000 00338nam a2200133Ia 4500
008 250703s9999 xx 000 0 und d
020 _a9789382951254
100 _a IYENGAR, KAVITA
245 0 _aDELHI OLD AND NEW INKLINE DRAWINGS
260 _bBLOOMSBURY PUBLISHING, LONDON
_c2013
300 _a98
650 _aGeneral
942 _cBK
999 _c222168
_d222168